| 000 | 00699nam a2200229Ia 4500 | ||
|---|---|---|---|
| 001 | 271 | ||
| 005 | 20251226111833.0 | ||
| 008 | 251203t2006||||xx |||||||||||||| ||spa|| | ||
| 020 | _a9972976572 | ||
| 041 | _aESPIN | ||
| 082 |
_a985.2 _bB17 |
||
| 100 |
_aBalaguer, Alejandro _cAUT |
||
| 245 | 0 |
_aPachacámac : _bdevelando el misterio del Valle de Lurín |
|
| 246 |
_aPachacámac : unveiling the mystery of the Lurin Valley _bYonz Martínez, Antonio |
||
| 250 | _aPrimera edición | ||
| 260 |
_aLima : _bGraph & Consult _c2006 |
||
| 300 |
_a198 páginas : _b ilustraciones ; _c 28 cm. |
||
| 650 | _aGEH | ||
| 653 | _aPachacamac, Lima (Perú); Historia | ||
| 654 | _aCTP | ||
| 942 |
_cLIB _dJUS _fMIP _2ddc |
||
| 999 |
_c271 _d271 |
||